000
00273nam a2200109 a 4500
005
20140414132021.0
008
110315s19uu xx 00 eng d
050
_a
TR
_b
F82 2000
100
_a
Cook, Yvonne
245
_a
Four days in the life of Zoe Coznaut.
999
_c
113473
_d
113473